Readings in English prose of the nineteenth century /

Bibliographic Details
Main Author: Alden, Raymond Macdonald, 1873-1924
Format: Book
Language:English
Published: Boston, New York [etc.] : Houghton Mifflin company, [1917]
Subjects:

MARC

Tag First Indicator Second Indicator Subfields
LEADER 00000cam a2200000 4500
001 in00000035949
005 20151007063552.0
008 780609s1917 mau b 00010 eng
010 |a  17025829  
035 |a (OCoLC)03963846 
035 |9 AAD7700AM 
040 |a DLC  |c APL  |d TXA  |d UtOrBLW 
049 |a TXAM  |c 1  |v 1 [55688]  |v 2 [55597]  |c 2  |v 2 [55598] 
050 0 |a PR1301  |b .A4 
092 |a 820.8  |b A358r 
100 1 |a Alden, Raymond Macdonald,  |d 1873-1924. 
245 1 0 |a Readings in English prose of the nineteenth century /  |c ed. by Raymond Macdonald Alden. 
264 1 |a Boston,  |a New York [etc.] :  |b Houghton Mifflin company,  |c [1917] 
264 4 |c [©1917] 
300 |a 2 volumes ;  |c 22 cm. 
336 |a text  |b txt  |2 rdacontent 
337 |a unmediated  |b n  |2 rdamedia 
338 |a volume  |b nc  |2 rdacarrier 
504 |a "Biographical and bibliographical notes" at end of each part. 
650 0 |a English prose literature  |y 19th century. 
999 |a MARS 
999 f f |s 671fc780-d9ce-3005-9893-6a44d67c7662  |i 610d3c3d-48ce-3e30-8409-56a49e443f29  |t 0 
952 f f |p normal  |a Texas A&M University  |b College Station  |c Sterling C. Evans Library  |d Evans: Library Stacks  |t 0  |e PR1301 .A4  |h Library of Congress classification  |i unmediated -- volume  |k v.2  |m A14801267759 
952 f f |p normal  |a Texas A&M University  |b College Station  |c Sterling C. Evans Library  |d Evans: Library Stacks  |t 0  |e PR1301 .A4  |h Library of Congress classification  |i unmediated -- volume  |k v.2  |m A14801267741 
952 f f |p normal  |a Texas A&M University  |b College Station  |c Sterling C. Evans Library  |d Evans: Library Stacks  |t 0  |e PR1301 .A4  |h Library of Congress classification  |i unmediated -- volume  |k v.1  |m A14801267733 
998 f f |a PR1301 .A4  |s v.2  |t 0  |l Evans: Library Stacks 
998 f f |a PR1301 .A4  |s v.1-v.2  |t 0  |l Evans: Library Stacks